Normal view
MARC view
Entry Personal Name
001 - CONTROL NUMBER
- control field: 26645
003 - CONTROL NUMBER IDENTIFIER
- control field: Doon University
005 - DATE AND TIME OF LATEST TRANSACTION
- control field: 20260417132909.0
008 - FIXED-LENGTH DATA ELEMENTS
- fixed length control field: 260417|| aca||aabn | a|a d
040 ## - CATALOGING SOURCE
- Original cataloging agency: Doon University
- Transcribing agency: Doon University
100 ## - HEADING--PERSONAL NAME
- Personal name: Sanders, Julie
670 ## - SOURCE DATA FOUND
- Source citation: Work cat.: (Doon University)60641: Sanders, Julie , Cambridge introduction to Early Modern Drama 1576-1642, 2014